00411nam a22001337a 4500008004100000040005500041080001600096245005600112260004300168300001100211650001700222653001200239700002600251230427b |||||||| |||| 00| 0 eng d aNational Science LibrarycNational Science Library a530.145bP0 aQuantum field theory: bA twentieth century profile aDelhi: bHindustan Book Agency, c2000 a900p.  aMathematics  aTheory 10aMitra, Asoke N (Ed.)